000 01718nam a2200325 i 4500
001 178860
003 ES-MaACL
005 20250905150516.0
008 110720s2010 sp 001 0 spa d
020 _a978-84-7737-292-9
040 _cES-MaACL
080 _a(05)(460.27 M.)(091)
245 0 3 _aLa Estafeta literaria y su contribución a la difusión de la cultura del siglo XX /
_cPilar Fernández Martínez, Margarita Garbisu Buesa, María Dolores Nieto García y Fernando González Ariza ; [edición, Luciana Óbidos].
260 _aMadrid :
_bSílex,
_c[2010]
300 _a170 páginas ;
_c24 cm.
490 1 _aSílex universidad
504 _aReferencias bibliográficas.
505 8 _aAnálisis del lenguaje en la quinta etapa de La Estafeta literaria / Pilar Fernández Martínez. La literatura extranjera en La Estafeta literaria: 1957 y Rafael Morales como punto de inflexión / Margarita Garbisu Buesa. Aportación de La Estafeta literaria, en su primera etapa (1944-1946), al estudio de la poesía y del teatro en la España de la posguerra / María Dolores Nieto García. El mundo editorial en La Estafeta literaria / Fernando González Ariza
630 3 4 _aLa Estafeta literaria (1944)
_9143513
700 1 _aFernández Martínez, Pilar.
_9147401
_eaut
700 1 _aGarbisu Buesa, Margarita
_eaut
_953958
700 1 _aNieto García, María Dolores
_eaut
_9147402
700 1 _aGonzález Ariza, Fernando.
_9147403
_eaut
700 1 _aÓbidos, Luciana.
_9174460
_epbl
830 1 _aSílex universidad
_9191064
852 4 _aES-MaACL
_9185725
_bR.146533
_jA-11372
_dOlim: N-4376
_cDEPO1
942 _cMONOGRAFIA
_n0
999 _c178860
_d178860